| 000 | 00672nam a22002297a 4500 | ||
|---|---|---|---|
| 005 | 20230420112635.0 | ||
| 008 | 230420b ||||| |||| 00| 0 eng d | ||
| 040 | _cAL | ||
| 041 | _aEnglish | ||
| 082 |
_223 _a531 _bJYOP |
||
| 100 |
_aJyoti C K and others _990952 |
||
| 245 | _aPhysics: Mechanics and Properties of Matter Theory and Practical | ||
| 260 |
_aKalaburagi _bSS Bhavikatti Prakashana _c2022 |
||
| 300 |
_aviii,328 p. _bPB _c21.5x14 cm. |
||
| 365 |
_b₹270.00 _c₹ _d₹270.00 |
||
| 650 |
_aI SEM _990953 |
||
| 650 |
_aNEP _990954 |
||
| 700 |
_aJYOTI (CK) _990955 |
||
| 700 |
_aPATTAR (Mohanraj) _990956 |
||
| 700 |
_aRAJESH (S) _990957 |
||
| 942 |
_2ddc _cDB |
||
| 999 |
_c227226 _d227226 |
||